| 000 | 01105nmm a2200361 a 4500 | ||
|---|---|---|---|
| 003 | AR-BaBNM | ||
| 005 | 20251128205731.0 | ||
| 008 | 078019s1987 ||||||||||||||000 | spa|| | ||
| 020 | _a950-569-016-9 | ||
| 040 | _cAR-BaBNM | ||
| 100 | 1 | _aCastello, Antonio Emilio | |
| 245 | 1 | 0 |
_aHistoria contemporánea de los Argentinos _bla reacción conservadora [12 de Octubre de 1928 al 3 de junio de 1946]. 1 |
| 260 |
_aBuenos Aires _bAbaco de Rodolfo Depalma _c1987 |
||
| 300 | 0 |
_a223 p. _bil. |
|
| 600 | 1 | 4 | _aYrigoyen, Hipólito |
| 600 | 1 | 4 |
_aUriburu, José Félix _d1868-1932 |
| 600 | 1 | 4 |
_aJusto, Agustín Pedro _d1876-1943 |
| 600 | 1 | 4 |
_aOrtíz, Roberto M. _d1886-1942 |
| 600 | 1 | 4 |
_aCastillo, Ramón S. _d1873-1944 |
| 610 | 2 | 4 | _aPartido Justicialista |
| 650 | 4 | _aPOLITICA | |
| 650 | 4 | _aLIBERALISMO | |
| 650 | 4 | _aDEMOCRATIZACION | |
| 650 | 4 | _aREFORMA POLITICA | |
| 650 | 4 | _aREVOLUCION | |
| 650 | 4 | _aREVOLUCION DE 1943 | |
| 650 | 4 | _aREVOLUCION DE 1930 | |
| 651 | 4 | _aArgentina | |
| 653 | 0 | _aPERONISMO | |
| 700 | 1 |
_aPérez D'Elías, Osvaldo _eilustrador |
|
| 942 | _cBK | ||
| 998 | _cMariana | ||
| 999 |
_c12608 _d12608 |
||